Secondary education: perspectives and prospects.
Disimpan dalam:
| Pengarang Utama: | |
|---|---|
| Format: | Buku |
| Bahasa: | English |
| Diterbitkan: |
New York,
Macmillan
[1972]
|
| Subjek-subjek: | |
| Penanda-penanda: |
Tambah Penanda
Tiada Penanda, Jadilah orang pertama menanda rekod ini!
|
| LEADER | 00727cam a2200253 4500 | ||
|---|---|---|---|
| 001 | 002995314-6 | ||
| 005 | 20020606093309.7 | ||
| 008 | 720504s1972 nyu b 001 0 eng | ||
| 010 | |a 79182024 //r90 | ||
| 035 | 0 | |a ocm00320775 | |
| 040 | |a DLC |c DLC |d m.c. |d HMG | ||
| 043 | |a n-us--- | ||
| 050 | 0 | 0 | |a LA222 |b .T3 |
| 082 | 0 | 0 | |a 373.73 |
| 100 | 1 | |a Tanner, Daniel. | |
| 245 | 1 | 0 | |a Secondary education: |b perspectives and prospects. |
| 260 | |a New York, |b Macmillan |c [1972] | ||
| 300 | |a xiii, 559 p. |c 24 cm. | ||
| 504 | |a Includes bibliographies. | ||
| 650 | 0 | |a Education, Secondary |z United States |x History. | |
| 650 | 0 | |a Education, Secondary |z United States |x Curricula. | |
| 655 | 7 | |a History. |2 fast | |
| 988 | |a 20020608 | ||
| 906 | |0 DLC | ||


